000 01007cam a2200265 4500
001 WB3717-10
008 000000n2001 000 0 eng u
035 _a(Sirsi) u112391
245 _a£3m boost for solar power
260 _c2001
490 _aDTI News Release
_v(P/2001/281) 2 May 2001 (2)
490 _aFinancial Times
_v3 May 2001, 7(1)
520 _aThe Energy Minister has announced a drive to improve the economics of solar power, pledging £3m of public money, urging electricity companies to offer better prices and attempting to interest industry players in the construction of the UK's first large-scale photovoltaic cell manufacturing plant.
590 _aWB
650 _aELECTRICITY
650 _aENERGY
_96237
650 _aPHOTOVOLTAIC CELLS
650 _aPHOTOVOLTAICS
650 _aRENEWABLE ENERGY
650 _aRENEWABLE ENERGY SOURCES
650 _aSOLAR POWER
650 _aSUSTAINABLE ENERGY
690 _aENVIRONMENTAL AND LAND CONSULTANCY-ENERGY
942 _n0
999 _c66888
_d66888